[Event "Mosonmagyarovar Polip Kupa-B 2nd"]
[Site "Mosonmagyarovar"]
[Date "2022.07.09"]
[Round "2"]
[White "Marton, Zoltan"]
[Black "Halmai, Florian"]
[Result "1/2-1/2"]
[WhiteElo "1378"]
[BlackElo "1388"]
[PlyCount "74"]
[EventDate "2022.07.09"]
[EventType "swiss"]
[EventRounds "4"]
[EventCountry "HUN"]
[SourceTitle "EXT 2023"]
[Source "ChessBase"]
[SourceDate "2022.10.05"]
[SourceVersion "1"]
[SourceVersionDate "2022.10.05"]
[SourceQuality "1"]

1. e4 c5 2. Nf3 d6 3. Nc3 a6 4. d4 cxd4 5. Nxd4 e6 6. h3 Nf6 7. g4 h6 8. Bg2 Qc7 9. Be3 Bd7 10. Qd2 Nc6 11. f4 Be7 12. g5 Nxd4 13. Bxd4 Nh5 14. h4 Bc6 15. Bf3 e5 16. Bxh5 hxg5 17. hxg5 g6 18. Bf3 Rxh1+ 19. Bxh1 exd4 20. Qxd4 0-0-0 21. 0-0-0 Kb8 22. Nd5 Bxd5 23. Qxd5 Rc8 24. c3 Rf8 25. Rd4 Rh8 26. e5 dxe5 27. fxe5 Bxg5+ 28. Kc2 Rd8 29. Qe4 Rxd4 30. Qxd4 Bh6 31. Bd5 Bg7 32. Qf4 f6 33. Qg4 Qxe5 34. Qxg6 f5 35. Qf7 Qe2+ 36. Kb3 Qb5+ 37. Kc2 Qe2+ 1/2-1/2